[Event "Stockholm Open"]
[Site "Stockholm SWE"]
[Date "2011.08.20"]
[Round "8"]
[White "Cederstam-Barsk,Carl"]
[Black "Kyhle,B"]
[Result "0-1"]
[WhiteElo "2093"]
[BlackElo "2190"]

1.d4 Nf6 2.c4 g6 3.Nc3 d6 4.e4 Bg7 5.Nf3 O-O 6.Be2 e5 7.O-O Na6 8.Be3 Ng4
9.Bg5 f6 10.Bh4 Qe8 11.dxe5 dxe5 12.Qb3 Kh8 13.Rad1 h5 14.h3 Nh6 15.Qa3 c6
16.Rd6 Be6 17.Rfd1 Nf7 18.R6d2 Rg8 19.c5 Nc7 20.Qb4 Rb8 21.Bc4 Na6 22.Bxa6 bxa6
23.Qa3 g5 24.Bg3 Qc8 25.Ne1 h4 26.Bh2 g4 27.hxg4 Bxg4 28.f3 Be6 29.Kh1 Bh6
30.Rd3 Rg7 31.b3 Qb7 32.Ne2 Rbg8 33.Qb2 Qc8 34.f4 Bg4 35.fxe5 fxe5 36.Nf3 h3
37.Nxe5 hxg2+ 38.Kg1 Kh7 39.Re1 Ng5 40.Nf4 Nh3+ 41.Nxh3 Bxh3 42.Qc3 Be6 43.Rd6 Qe8
44.Nf3 Rf7 45.Nd4 Rf1+ 46.Rxf1 gxf1=Q+ 47.Kxf1 Qg6 48.Qc2 Bh3+ 49.Ke1 Qh5
50.e5+ Kh8 51.Qe4 Bg2 52.Rxh6+ Qxh6 53.Qf4 Qxf4 54.Bxf4 Rg4 55.Be3 Kg8 56.Kd2 Be4
57.Ne6 Kf7 58.Nc7 Ke7 59.Nxa6 Ke6 60.Kc3 Kxe5 61.Bd4+ Ke6 62.Nc7+ Kd7 63.Be5 Bf5
64.Bd6 Be6 65.Na6 Kc8 66.a4 Kb7 67.Nc7 Bf7 68.a5 a6 69.Be5 Rg8 70.b4 Rc8
71.b5 cxb5  0-1

[Event "10th Lichtenberger Sommer"]
[Site "Berlin GER"]
[Date "2011.08.21"]
[Round "9.20"]
[White "Baumbach,F"]
[Black "Jaeger,A"]
[Result "1-0"]
[WhiteElo "2275"]
[BlackElo "2044"]

1.d4 Nf6 2.c4 d6 3.Nf3 g6 4.Nc3 Bg7 5.e4 O-O 6.Be2 e5 7.O-O Nbd7 8.Be3 Qe7
9.Qc2 exd4 10.Nxd4 c6 11.Nb3 Re8 12.Nd2 Nc5 13.f3 a5 14.Rab1 Bf8 15.Rfe1 d5
16.cxd5 cxd5 17.Bb5 Bd7 18.Bxd7 Qxd7 19.Bd4 Be7 20.Bxf6 Bxf6 21.Nxd5 Bd4+
22.Kh1 Ra6 23.Qc4 Bf2 24.Re2 b5 25.Qc3 Qxd5 26.exd5 Rxe2 27.Ne4 Re3 28.Qd2 Nxe4
29.fxe4 Rf6 30.Rf1 Bh4 31.Rxf6 Re1+ 32.Qxe1 Bxe1 33.Rb6  1-0

[Event "Trade Fair Open A"]
[Site "Brno CZE"]
[Date "2011.08.21"]
[Round "1"]
[White "Pokorny,P"]
[Black "Vojacek,Z"]
[Result "1-0"]
[WhiteElo "2260"]
[BlackElo "1943"]

1.d4 Nf6 2.c4 g6 3.Nc3 Bg7 4.e4 d6 5.Be2 O-O 6.Nf3 e5 7.dxe5 dxe5 8.Qxd8 Rxd8
9.Bg5 c6 10.Nxe5 Re8 11.f4 h6 12.Bh4 g5 13.Bg3 gxf4 14.Bxf4 Nxe4 15.Nxe4 Bxe5
16.Bxe5 Rxe5 17.O-O-O Nd7 18.Bf3 Nb6 19.Rd8+ Kg7 20.Nd6 Be6 21.Rxa8 Nxa8
22.b3 Nc7 23.Nxb7 Na6 24.Rd1 Re3 25.Kd2 Re5 26.Bxc6 Nb4 27.Bf3 Nxa2 28.Ra1 Nb4
29.Kc3  1-0

[Event "Metalmex Open"]
[Site "Liberec CZE"]
[Date "2011.08.21"]
[Round "9"]
[White "Neuman,P"]
[Black "Suchomel,A"]
[Result "1-0"]
[WhiteElo "2454"]
[BlackElo "1979"]

1.c4 Nf6 2.Nc3 g6 3.e4 d6 4.d4 Bg7 5.Nf3 O-O 6.Be2 e5 7.Be3 Nc6 8.d5 Ne7
9.Nd2 Nd7 10.b4 f5 11.f3 Rf7 12.c5 Bf8 13.Nc4 Nf6 14.a4 f4 15.Bf2 g5 16.cxd6 cxd6
17.Nb5 Ng6 18.Nxa7 Bd7 19.Nb5 Bxb5 20.axb5 g4 21.Kd2 h5 22.Rxa8 Qxa8 23.Qa1 Qe8
24.Qa5 h4 25.h3 gxf3 26.gxf3 Nh5 27.Nb6 Ng3 28.Rc1 Qe7 29.Qa8 Qg5 30.Rg1 Rc7
31.Qb8 Rc3 32.Nc4 Rb3 33.Qxb7 Qh5 34.Qd7 Nxe2 35.Qg4 Qxg4 36.Rxg4 Ng3 37.b6 Rxb4
38.Kc3 Rxb6 39.Bxb6 Kf7 40.Kd3 Nh5 41.Bd8 Nf6 42.Bxf6 Kxf6 43.Kc3 Be7 44.Kb4 Kf7
45.Rxg6  1-0

[Event "Metalmex Open"]
[Site "Liberec CZE"]
[Date "2011.08.21"]
[Round "9.7"]
[White "Kucera,P3"]
[Black "Zima,Jan"]
[Result "1/2-1/2"]
[WhiteElo "2181"]
[BlackElo "1814"]

1.d4 Nf6 2.Nf3 g6 3.c4 Bg7 4.Nc3 d6 5.e4 O-O 6.Be2 e5 7.dxe5 dxe5 8.Qxd8 Rxd8
9.Bg5 Re8 10.Nd5 Nxd5 11.cxd5 f5 12.Nd2 c6 13.Bc4 Kf8 14.Rc1 Nd7 15.dxc6 bxc6
16.f3 Rb8 17.Bb3 c5 18.Nc4 Bf6 19.Bh6+ Ke7 20.exf5 gxf5 21.Ne3 Nb6 22.Rxc5 Kd6
23.Rc2 Be6 24.Bxe6 Kxe6 25.Rc6+ Kf7 26.Nxf5 Kg6 27.Bg7 Nd5 28.Bxf6 Nxf6 29.Ne3 Rxb2
30.O-O Rxa2 31.Ng4 Rf8 32.Nxe5+ Kf5 33.Rc5 Ke6 34.Nc4 Rd8 35.Re1+ Kf7 36.Ra5 Rxa5
37.Nxa5 Rd6 38.Ra1 Ra6 39.g4 Nd5 40.Kf2 Nb6 41.f4 Nc4 42.Nb3 Rxa1 43.Nxa1 a5
44.Ke2 Ke6 45.Nc2 a4 46.Nb4 Nd6 47.Kd3 a3 48.Kd4 Ne8 49.Kc3 Nf6 50.f5+ Kf7
51.h3 h5 52.Nc6 hxg4 53.Ne5+ Kg7 54.Nxg4 Ne4+ 55.Kb3 Ng3 56.f6+ Kf7 57.Kxa3 Nh5
58.Kb4 Nxf6 59.Nxf6 Kxf6  1/2-1/2

[Event "23rd Porto San Giorgio Open"]
[Site "Porto San Giorgio ITA"]
[Date "2011.08.21"]
[Round "1"]
[White "Stella,A"]
[Black "Briffault,P"]
[Result "1-0"]
[WhiteElo "2412"]
[BlackElo "1955"]

1.d4 Nf6 2.c4 g6 3.Nc3 Bg7 4.e4 d6 5.Be2 O-O 6.Nf3 e5 7.O-O Nbd7 8.Re1 c6
9.Bf1 exd4 10.Nxd4 Re8 11.Nb3 d5 12.exd5 Rxe1 13.Qxe1 cxd5 14.cxd5 Nb6 15.Bg5 Bg4
16.h3 Bf5 17.Nd4 Nbxd5 18.Nxf5 gxf5 19.Rd1 Qa5 20.Nxd5 Qxe1 21.Rxe1 Nxd5
22.Bc4 Nc7 23.Re7 Ne6 24.Bxe6 fxe6 25.Rxb7 Bd4 26.Be3 Bxe3 27.fxe3 a5 28.Kf2 Rc8
29.Kf3 Rc4 30.b3 Rc5 31.Ra7 Rb5 32.Kf4 h6 33.Re7 Rb4+ 34.Ke5 Re4+ 35.Kf6 Rxe3
36.Rxe6 Rg3 37.Re2 f4 38.Rf2 f3 39.gxf3 Rxh3 40.f4 Rg3 41.Re2 Rg4 42.Kf5 Rg3
43.Re5 a4 44.bxa4 Ra3 45.Kg6 Kf8 46.a5 Rxa2 47.Kxh6 Kf7 48.Kg5 Ra1 49.Kf5 Ra4
50.Rb5 Ke7 51.Ke5 Kd7 52.Rb7+ Kc6 53.Ra7 Ra1 54.f5 Re1+ 55.Kf6 Kd6 56.Ra8 Rg1
57.a6 Kc7 58.Re8 Kb6 59.Re6+ Ka7 60.Kf7 Rh1 61.f6 Rh4 62.Ke7 Rh8 63.f7  1-0

[Event "Malaysian Open"]
[Site "Kuala Lumpur MAS"]
[Date "2011.08.22"]
[Round "6.2"]
[White "Salvador,R"]
[Black "Wan Yunguo"]
[Result "1/2-1/2"]
[WhiteElo "2527"]
[BlackElo "2462"]

1.d4 Nf6 2.Nf3 g6 3.c4 Bg7 4.Nc3 O-O 5.e4 d6 6.Be2 e5 7.Be3 Nbd7 8.O-O Re8
9.d5 Nh5 10.g3 Bf8 11.Ng5 Ng7 12.f4 exf4 13.Bxf4 Be7 14.Qd2 Rf8 15.h4 Ne5
16.Rf2 f6 17.Nf3 Bh3 18.Nd4 Qd7 19.b3 Ng4 20.Bxg4 Bxg4 21.Bh6 Rf7 22.Bxg7 Kxg7
23.Rf4 Bh3 24.Kh2 Kg8 25.Nd1 Qc8 26.Ne3 Bd7 27.Raf1 c5 28.Ne2 Qf8 29.R4f2 Re8
30.g4 Qh6 31.Kg3 f5 32.g5 Bxg5 33.hxg5 Qxg5+ 34.Kh2 Rxe4 35.Nf4 Qh4+ 36.Kg2 Rfe7
37.Rf3 R7e5 38.R1f2 g5 39.Rh3 gxf4 40.Rxh4 fxe3 41.Qa5 b6 42.Qxa7 Rxh4 43.Qxd7 Rg4+
44.Kf1 exf2 45.Qxd6 Re1+ 46.Kxf2 Rge4 47.Qd8+ Kf7 48.Qc7+ Kg6 49.Qxb6+ Kh5
50.Qf6 R1e2+ 51.Kf3 R2e3+ 52.Kf2 Re2+  1/2-1/2

[Event "Malaysian Open"]
[Site "Kuala Lumpur MAS"]
[Date "2011.08.22"]
[Round "6.39"]
[White "Tan,Li Ting"]
[Black "Bennett,H"]
[Result "1/2-1/2"]
[WhiteElo "1846"]
[BlackElo "1994"]

1.d4 Nf6 2.Nf3 g6 3.c4 Bg7 4.Nc3 O-O 5.e4 d6 6.Be2 e5 7.dxe5 dxe5 8.Qxd8 Rxd8
9.Bg5 Re8 10.Nd5 Nxd5 11.cxd5 c6 12.Bc4 cxd5 13.Bxd5 Nd7 14.O-O Nb6 15.Bb3 Bd7
16.Be3 Bc6 17.Ng5 Re7 18.Bc5 Rd7 19.Rad1 h6 20.Bxb6 hxg5 21.Rxd7 Bxd7 22.Be3 Bf6
23.Bd5 Bc6 24.Bxc6 bxc6 25.Rc1 Rc8 26.h3 Be7 27.a3 a6 28.b4 f6 29.Kf1 Kf7
30.Ke2 Ke8 31.Kd3 Kd7 32.Kc4 Kc7 33.a4 Rd8 34.Rb1 Rb8 35.a5 Rb7 36.Bb6+ Kc8
37.Rh1 Rd7 38.h4 Bd8 39.Bxd8 Rxd8 40.hxg5 Rd4+ 41.Kc5 Rxe4 42.gxf6 Rf4 43.f3 Rxf6
44.Re1 Re6 45.f4 e4 46.Kd4 Rd6+ 47.Ke5 Rd2 48.Rxe4 Rxg2 49.Kd6 Rc2 50.Re8+ Kb7
51.Re7+ Kb8 52.Rg7 Rc4 53.Rxg6 Rxf4 54.Kc5 Kb7 55.Rg7+ Kb8 56.Rd7 Rh4 57.Rd4 Rh5+
58.Kxc6 Rb5 59.Rc4 Ka7 60.Kc7 Rb7+ 61.Kd6 Rb5 62.Re4 Ka8 63.Rc4 Ka7 64.Kd7 Ka8
65.Rc8+ Ka7 66.Rc7+ Ka8  1/2-1/2

[Event "26th Schwarzacher Open"]
[Site "Schwarzach AUT"]
[Date "2011.08.22"]
[Round "3"]
[White "Hicker,H"]
[Black "Niedermeier,T"]
[Result "1/2-1/2"]
[WhiteElo "2066"]
[BlackElo "2153"]

1.d4 Nf6 2.Nf3 g6 3.c4 Bg7 4.Nc3 O-O 5.e4 d6 6.Be2 e5 7.d5 a5 8.O-O Na6 9.Ne1 Nc5
10.f3 Nh5 11.Nd3 Nxd3 12.Bxd3 Nf4 13.g3 Nxd3 14.Qxd3 Bh3 15.Rf2 f5 16.exf5 gxf5
17.Be3 b6 18.Qd2 Qf6 19.Nb5 Rf7 20.Kh1 Re8 21.Re1 Qg6 22.f4 Rfe7 23.fxe5 dxe5
24.d6 cxd6 25.Qxd6 Re6 26.Qd5 Kh8 27.c5 f4 28.Bc1 fxg3 29.Rf3 Bg4 30.Rxg3 e4
31.Nd6 Be5 32.Nxe8 Bxg3 33.hxg3 Bf3+ 34.Kh2 Qxe8 35.Bf4 bxc5 36.Qxc5 a4 37.Kg1 Qe7
38.Qxe7 Rxe7 39.Rc1 Re8 40.Kf2 Kg7 41.Ke3 Rd8 42.Be5+ Kg6 43.Bd4 h5 44.Rc5 Ra8
45.a3 Ra6 46.Kd2 Bg4 47.Ke3 Bf3 48.Kf4 Ra8 49.Rc6+ Kf7 50.Rc5  1/2-1/2

[Event "Malaysian Open"]
[Site "Kuala Lumpur MAS"]
[Date "2011.08.23"]
[Round "8.1"]
[White "Salvador,R"]
[Black "Li Shilong"]
[Result "0-1"]
[WhiteElo "2527"]
[BlackElo "2520"]

1.d4 Nf6 2.Nf3 g6 3.c4 Bg7 4.Nc3 O-O 5.e4 d6 6.Be2 e5 7.O-O Na6 8.Be3 c6
9.h3 exd4 10.Nxd4 Re8 11.Bf3 Nc5 12.Qc2 Qe7 13.Rfe1 Bd7 14.Bf4 Nh5 15.Be3 Nf4
16.Rad1 Be5 17.Nce2 Nxe2+ 18.Rxe2 a5 19.Red2 Qf6 20.Nb3 Nxb3 21.Qxb3 Bxh3
22.Qxb7 Be6 23.Bd4 c5 24.Bxe5 dxe5 25.Qb6 Qe7 26.Rd6 Rec8 27.b3 Kg7 28.Qb5 Ra7
29.g3 h5 30.Kg2 h4 31.gxh4 Qxh4 32.Rxe6 Rh8 33.Qxc5 Qh3+ 34.Kg1 Qxf3 35.Qxe5+ Kh7
36.Qh2+ Kg7 37.Qe5+ Kh7 38.Qd4 Raa8 39.Rf6 Qg4+ 40.Kf1 Kg8 41.f3 Rh1+ 42.Ke2 Qg2+
43.Ke3 Qg5+ 44.Rf4 Rxd1 45.Qxd1 Rd8 46.Qe1 Rd6 47.e5 Qxe5+ 48.Re4 Qg5+ 49.Kf2 Rd2+
50.Re2 Qh4+  0-1

[Event "Malaysian Open"]
[Site "Kuala Lumpur MAS"]
[Date "2011.08.23"]
[Round "8.34"]
[White "Ajeet Singh,Roshan"]
[Black "Bennett,H"]
[Result "1/2-1/2"]
[WhiteElo "1864"]
[BlackElo "1994"]

1.d4 Nf6 2.c4 g6 3.Nc3 Bg7 4.e4 d6 5.Nf3 O-O 6.Be2 e5 7.O-O Na6 8.Bg5 h6
9.Bh4 g5 10.Bg3 Nxe4 11.Nxe4 f5 12.Nc3 f4 13.Rc1 fxg3 14.hxg3 g4 15.Nh4 exd4
16.Nb5 Qf6 17.Bxg4 c6 18.Na3 c5 19.Bxc8 Raxc8 20.Nc2 Nb8 21.Ne1 Nc6 22.Nd3 Ne5
23.b3 Ng6 24.Nxg6 Qxg6 25.Nf4 Qf5 26.Rc2 Rce8 27.Re2 Re5 28.Rfe1 Rfe8 29.Nd5 Qf7
30.Qd3 Qh5 31.Nf4 Qf7 32.Nd5  1/2-1/2

[Event "61st ch-RUS w"]
[Site "Moscow RUS"]
[Date "2011.08.23"]
[Round "5"]
[White "Girya,O"]
[Black "Bodnaruk,A"]
[Result "1-0"]
[WhiteElo "2371"]
[BlackElo "2431"]

1.d4 Nf6 2.c4 g6 3.Nc3 Bg7 4.e4 d6 5.Nf3 O-O 6.Be2 e5 7.O-O c6 8.d5 Na6 9.Be3 Ng4
10.Bg5 f6 11.Bd2 f5 12.Ng5 Nf6 13.exf5 gxf5 14.f4 Qe7 15.Kh1 Kh8 16.Be3 h6
17.fxe5 dxe5 18.Nf3 Ng4 19.Bg1 e4 20.Nd4 Ne5 21.Nb3 Bd7 22.d6 Qg5 23.a3 b6
24.c5 Nxc5 25.Nxc5 bxc5 26.Bxc5 a5 27.Qc1 Qg6 28.Qf4 Nf7 29.Rad1 a4 30.Bd4 Ng5
31.Bxg7+ Qxg7 32.Bc4 Ra5 33.Qe3 Qe5 34.Ne2 Rc5 35.Nf4 Rf6 36.Be2 Rc2 37.Qa7 Qe8
38.Qxa4 Rxe2 39.Qd4 Nh7 40.Nxe2 Kg7 41.a4 Ng5 42.a5 Nf7 43.a6 Nxd6 44.a7 Qa8
45.Qc5  1-0

[Event "3rd Senica Open"]
[Site "Senica SVK"]
[Date "2011.08.23"]
[Round "4.5"]
[White "Vacek,O"]
[Black "Bednar,Jar"]
[Result "1/2-1/2"]
[WhiteElo "2111"]
[BlackElo "2292"]

1.Nf3 Nf6 2.c4 d6 3.d4 Nbd7 4.Nc3 e5 5.e4 g6 6.Be2 Bg7 7.O-O O-O 8.Be3 Re8
9.d5 Nc5 10.Nd2 a5 11.b3 Nfd7 12.Qc2 Rf8 13.a3 f5 14.f3 Rf7 15.b4 Na6 16.Rab1 f4
17.Bf2 g5 18.Na4 axb4 19.axb4 Nf6 20.c5 g4 21.Bh4 g3 22.h3 Bf8 23.b5 Nxc5
24.Nxc5 dxc5 25.Nc4 Bd6 26.Qb2 Qe7 27.Ra1 Rxa1  1/2-1/2

[Event "Malaysian Open"]
[Site "Kuala Lumpur MAS"]
[Date "2011.08.25"]
[Round "9.18"]
[White "Bai,Jinshi"]
[Black "Sharma,Di"]
[Result "1/2-1/2"]
[WhiteElo "2151"]
[BlackElo "2350"]

1.d4 Nf6 2.c4 g6 3.Nc3 Bg7 4.e4 d6 5.Nf3 O-O 6.Be2 Na6 7.O-O e5 8.Be3 Ng4
9.Bg5 Qe8 10.h3 exd4 11.Nd5 f6 12.Bf4 Ne5 13.Nxd4 c6 14.Nc3 Qf7 15.b3 Nc5
16.Qd2 Rd8 17.Bh6 Bxh6 18.Qxh6 Qe7 19.Qe3 Nf7 20.b4 Ne6 21.Nb3 Ng7 22.Rfe1 Be6
23.f4 Re8 24.Bd3 Qd8 25.Rad1 Qb6 26.Qxb6 axb6 27.Kh2 Ra3 28.Rb1 Kf8 29.Rb2 g5
30.g3 Rea8 31.Ree2 Ke7 32.Nd5+ cxd5 33.exd5 gxf4 34.gxf4 f5 35.dxe6 Nd8 36.c5 bxc5
37.bxc5 d5 38.Bb1 R3a4 39.Rbd2 Ndxe6 40.Rxd5 Rd8 41.Rxd8 Kxd8 42.Bxf5 Nxf5
43.Rxe6 Rxa2+ 44.Kg1 Ra3 45.Rb6 Kc8 46.Kf2 Kc7 47.Rb4 Ra2+ 48.Kf3 Rb2 49.Ke4 Ne7
50.Rb6 Re2+ 51.Kf3 Rb2 52.Ke4 Re2+ 53.Kf3 Rb2 54.Nd4 Rxb6 55.cxb6+ Kxb6 56.Ke4 Kc7
57.f5 Kd7 58.Ke5 Ng8 59.h4 Ke7 60.f6+ Nxf6 61.Nf5+ Kf7 62.Nd6+  1/2-1/2

[Event "XVI Seahorse Open A"]
[Site "Rewal POL"]
[Date "2011.08.25"]
[Round "6"]
[White "Szusterowski,R"]
[Black "Leczycki,P"]
[Result "1-0"]
[WhiteElo "2122"]
[BlackElo "2002"]

1.d4 Nf6 2.Nf3 g6 3.c4 Bg7 4.Nc3 O-O 5.e4 d6 6.Be2 e5 7.O-O exd4 8.Nxd4 Re8
9.f3 c6 10.Nc2 Be6 11.Be3 Na6 12.Qd2 Nc7 13.Rad1 d5 14.cxd5 cxd5 15.e5 Nd7
16.f4 f6 17.Bf3 fxe5 18.Nxd5 Nf8 19.Ncb4 exf4 20.Bxf4 Bxd5 21.Nxd5 Nce6 22.Be3 Qh4
23.Bf2 Qa4 24.b3 Qa3 25.Rfe1 Rac8 26.Re4 b5 27.Rde1 Kf7 28.Bg4 Qd6 29.Rf1 Qc6
30.Bd4+ Kg8 31.Bxg7 Kxg7 32.Qb2+ Kh6 33.Bxe6 Rxe6 34.Rh4+ Kg5 35.Qd2+ Kxh4
36.Qh6+ Kg4 37.h3+ Kg3 38.Rf3+  1-0

[Event "23rd Porto San Giorgio Open"]
[Site "Porto San Giorgio ITA"]
[Date "2011.08.26"]
[Round "7"]
[White "Scalcione,M"]
[Black "Boscolo,F"]
[Result "1-0"]
[WhiteElo "2337"]
[BlackElo "2210"]

1.Nf3 Nf6 2.c4 g6 3.Nc3 Bg7 4.e4 d6 5.d4 O-O 6.Be2 e5 7.Be3 c6 8.d5 Na6 9.Nd2 Ne8
10.Rb1 c5 11.a3 f5 12.f3 Nf6 13.b4 b6 14.Bd3 Kh8 15.Bc2 Nh5 16.Nf1 Nf4 17.Qd2 Qh4+
18.g3 Qh3 19.Rg1 Nh5 20.Bg5 Rf7 21.Qg2 fxe4 22.Bxe4 Nf6 23.Qxh3 Bxh3 24.Nd2 cxb4
25.axb4 Nxe4 26.Ncxe4 Bf5 27.Ke2 Bf8 28.Be3 Nc7 29.g4 Bc8 30.b5 a6 31.bxa6 b5
32.Rxb5 Nxb5 33.cxb5 Rc7 34.Rb1 Rc2 35.Kd3 Ra2 36.Nc3  1-0

[Event "3rd Senica Open"]
[Site "Senica SVK"]
[Date "2011.08.26"]
[Round "7.13"]
[White "Vacek,O"]
[Black "Sklars,T"]
[Result "1-0"]
[WhiteElo "2111"]
[BlackElo "1886"]

1.Nf3 Nf6 2.c4 g6 3.Nc3 Bg7 4.e4 d6 5.d4 O-O 6.Be2 Nbd7 7.O-O e5 8.Be3 h6
9.Ne1 Nh7 10.Nc2 Ng5 11.f4 Ne6 12.f5 Ng5 13.fxg6 fxg6 14.Rxf8+ Nxf8 15.d5 Bd7
16.Qd2 Nfh7 17.Rf1 Qe7 18.Ne1 Nf7 19.Nd3 Nf6 20.a4 Bg4 21.Rxf6 Qxf6 22.Bxg4 Ng5
23.Bxg5 hxg5 24.Qf2 Rf8 25.Qxf6 Rxf6 26.Nb5 c6 27.Be6+ Rxe6 28.dxe6 cxb5
29.cxb5 Kf8 30.Nb4 Ke7 31.a5 g4 32.Nc6+ bxc6 33.b6  1-0

[Event "Caissa GM Aug 2011"]
[Site "Kecskemet HUN"]
[Date "2011.08.27"]
[Round "8.5"]
[White "Kislik,E"]
[Black "Illingworth,M"]
[Result "1-0"]
[WhiteElo "2328"]
[BlackElo "2389"]

1.d4 Nf6 2.c4 g6 3.Nc3 Bg7 4.e4 O-O 5.Be2 d6 6.Nf3 e5 7.O-O exd4 8.Nxd4 Re8
9.f3 c6 10.Nc2 Nh5 11.Be3 f5 12.exf5 Bxf5 13.Bd3 Nd7 14.Bxf5 gxf5 15.Qd2 Ne5
16.Na3 a6 17.Nd1 b5 18.Rc1 b4 19.Nb1 d5 20.cxd5 Qxd5 21.b3 Nd3 22.Rc4 f4
23.Bf2 Re6 24.Bh4 Rae8 25.Nf2 Bd4 26.Rxd4 Qxd4 27.Qxd3 Qxd3 28.Nxd3 Rd6 29.Nxb4 a5
30.Na6 Re2 31.Nc3 Rc2 32.Ne4 Rg6 33.Rf2 Rc1+ 34.Rf1 Rc2 35.Bf2 Ng7 36.a4 Nf5
37.Re1 h5 38.Nac5 Nh4 39.Bxh4 Rgxg2+ 40.Kf1 Rxh2 41.Bf2 Rh1+ 42.Bg1 h4 43.Ne6 Rh3
44.N4g5  1-0

[Event "Circuito CBX IM"]
[Site "Natal BRA"]
[Date "2011.08.27"]
[Round "2"]
[White "Molina,Jo"]
[Black "Macedo,MV"]
[Result "1/2-1/2"]
[WhiteElo "2187"]
[BlackElo "2072"]

1.Nf3 Nf6 2.c4 g6 3.Nc3 Bg7 4.e4 d6 5.d4 O-O 6.Be2 e5 7.dxe5 dxe5 8.Qxd8 Rxd8
9.Bg5 Re8 10.Nd5 Nxd5 11.cxd5 Bd7 12.Nd2 f6 13.Be3 Bf8 14.a3 c6 15.Bc4 Kg7
16.Rd1 b5 17.dxc6 Bxc6 18.Ba2 b4 19.axb4 Bxb4 20.f3 Nd7 21.Rc1 Rec8 22.Kf2 Bb5
23.Be6 Re8 24.Bc4 Bxc4 25.Rxc4 a5 26.Rc7 Re7 27.Nc4 Rb8 28.Ra1 Kf7 29.Kg3 Nf8
30.Rxe7+ Kxe7 31.Nxa5 Bxa5 32.Rxa5 Nd7 33.Bc1 Rb7 34.Kf2 Nb8 35.Ra8 Nc6 36.b4 Nxb4
37.Ba3 Kf7 38.Bxb4 Rxb4 39.Ra7+ Kg8 40.g4 g5 41.Kg3 Rb8 42.h4 h6 43.hxg5 hxg5
44.Kf2 Rb2+ 45.Ke3 Rb3+ 46.Ke2 Kf8 47.Rd7 Ke8 48.Rh7 Kf8  1/2-1/2

[Event "10th Sunny Beach Open"]
[Site "Sunny Beach BUL"]
[Date "2011.08.27"]
[Round "1.9"]
[White "Filip,L"]
[Black "Kolev,At2"]
[Result "1-0"]
[WhiteElo "2469"]
[BlackElo "2064"]

1.Nf3 Nf6 2.c4 g6 3.Nc3 Bg7 4.e4 d6 5.d4 O-O 6.Be2 e5 7.Be3 Ng4 8.Bg5 f6
9.Bh4 g5 10.Bg3 Nh6 11.h3 Nc6 12.d5 Ne7 13.Qd2 Nf7 14.O-O-O c5 15.Kb1 a6
16.h4 g4 17.Nh2 f5 18.exf5 Bxf5+ 19.Bd3 Qd7 20.Nf1 b5 21.Ne3 Bh6 22.Bxf5 Nxf5
23.Nxg4 Bg7 24.Ne4 N7h6 25.Nxh6+ Bxh6 26.Qc3 bxc4 27.Qxc4 Nd4 28.f3 Kh8 29.Bf2 Nb5
30.Rd3 Rfb8 31.Re1 Nc7 32.a3 Rb7 33.Rb3 Rab8 34.Rxb7 Rxb7 35.Ka2 Bf8 36.Rd1 Qg7
37.g3 Nb5 38.Rd3 Qc7 39.Be3 Qb8 40.Rb3 Nc7 41.Rxb7 Qxb7 42.Nc3 Bg7 43.Qe4 Nb5
44.Nxb5 axb5 45.Bd2 Qf7 46.Bc3 Kg8 47.g4 Bh6 48.g5 Bf8 49.Kb1 Qd7 50.Qg4 Qxg4
51.fxg4 Be7 52.b3 Kf7 53.Kc2 Bd8 54.Kd3 Kg6 55.Bd2 h5 56.gxh6 Bxh4 57.Ke4 Bf2
58.Kd3 Bd4 59.Kc2 Bg1 60.a4 c4 61.axb5 cxb3+ 62.Kxb3 Bb6 63.Kc2 e4 64.Kd1 Kf6
65.Ke2  1-0

[Event "TCh-SUI 2011"]
[Site "Switzerland SUI"]
[Date "2011.08.28"]
[Round "7.6"]
[White "Grandadam,N"]
[Black "Weindl,A"]
[Result "1/2-1/2"]
[WhiteElo "2286"]
[BlackElo "2377"]

1.Nf3 Nf6 2.c4 g6 3.Nc3 Bg7 4.e4 d6 5.d4 O-O 6.Be2 e5 7.O-O Na6 8.Be3 Ng4
9.Bg5 Qe8 10.Re1 exd4 11.Nd5 f6 12.Bf4 c6 13.Bxd6 cxd5 14.exd5 Qd8 15.Bxf8 Bxf8
16.Nxd4 Ne5 17.a3 Nc5 18.f4 Nf7 19.b4 Ne4 20.Bf3 f5 21.Qd3 a5 22.Rab1 axb4
23.axb4 Ra4 24.Bxe4 fxe4 25.Qxe4 Rxb4 26.Rxb4 Bxb4 27.Qe8+ Kg7 28.Qxd8 Nxd8
29.Re8 Bc5 30.Rxd8 Bxd4+ 31.Kf1 Bf5 32.Ke2 h5 33.g3 Kf7 34.Rb8 b6 35.Rb7+ Ke8
36.Rh7 Kd8 37.Rf7 Bc5 38.Rb7 Kc8 39.Rg7 Bd4 40.Rf7 Bg1 41.Kf1 Bd4 42.Ke2 Kd8
43.Rh7 Bc5 44.Kd2 Bd4  1/2-1/2

[Event "TCh-SRB Premier Men"]
[Site "Valjevo SRB"]
[Date "2011.08.28"]
[Round "2.6"]
[White "Antic,De"]
[Black "Markus,Rob"]
[Result "1/2-1/2"]
[WhiteElo "2487"]
[BlackElo "2652"]

1.d4 Nf6 2.c4 g6 3.Nc3 Bg7 4.e4 d6 5.Nf3 O-O 6.Be2 e5 7.O-O exd4 8.Nxd4 Re8
9.f3 c6 10.Kh1 Nbd7 11.Bg5 Qb6 12.Nb3 a5 13.Rb1 a4 14.Na1 a3 15.b4 Nh5 16.Rb3 Bxc3
17.Rxc3 Qxb4 18.Rb3 Qa5 19.Bc1 Qe5 20.Rxa3 Rxa3 21.Bxa3 Nc5 22.Nb3 Nf4 23.Nxc5 dxc5
24.Qd2 Nxe2 25.Qxe2 Rd8 26.Bb2 Qe7 27.h3  1/2-1/2

[Event "TCh-SRB Premier Women"]
[Site "Valjevo SRB"]
[Date "2011.08.28"]
[Round "2.4"]
[White "Foisor,C"]
[Black "Kashlinskaya,A"]
[Result "1/2-1/2"]
[WhiteElo "2427"]
[BlackElo "2360"]

1.Nf3 Nf6 2.c4 g6 3.d4 Bg7 4.Nc3 O-O 5.e4 d6 6.Be2 Nbd7 7.O-O e5 8.Re1 Re8
9.Bf1 a6 10.Rb1 exd4 11.Nxd4 c6 12.Nc2 Qc7 13.f3 b6 14.Be3 Bb7 15.Qd2 Rad8
16.Rbd1 Nc5 17.Bf4 Bf8 18.Nd4 Ncd7 19.Kh1 Bg7 20.h3 Ne5 21.Qf2 h6 22.Bh2 b5
23.cxb5 cxb5 24.Nc2 Rc8 25.Nb4 Qc5 26.Qxc5 dxc5 27.Nbd5 c4 28.f4 Nxd5 29.Nxd5 Nd3
30.Bxd3 cxd3 31.Rxd3 Bxb2 32.Re2 Bxd5 33.Rxd5 Bc1 34.f5 Rc4 35.fxg6 Rcxe4
36.gxf7+ Kxf7 37.Rd7+ R4e7 38.Rf2+ Kg6 39.Rd6+ Re6 40.g4 Rxd6 41.Bxd6 Re4
42.Kg2 Rd4 43.Be5 Rd2 44.Bc3 Rxf2+ 45.Kxf2 h5 46.Kf3 Kg5 47.Ba5 hxg4+ 48.hxg4 Kf6
49.Ke4 Kg5 50.Kd5 Kxg4 51.Kc6 Kf5 52.Kb6 Ke6 53.Kxa6 Kd7 54.Kxb5 Kc8  1/2-1/2

[Event "7th Dieppe Open A"]
[Site "Dieppe FRA"]
[Date "2011.08.30"]
[Round "3.9"]
[White "Houriez,C"]
[Black "Vaugeois,C"]
[Result "1/2-1/2"]
[WhiteElo "2328"]
[BlackElo "2140"]

1.d4 Nf6 2.c4 g6 3.Nc3 d6 4.e4 Bg7 5.Nf3 O-O 6.Be2 e5 7.d5 Ne8 8.O-O f5 9.b4 f4
10.c5 g5 11.Nd2 Nf6 12.Nc4 Rf7 13.Ba3 Bf8 14.b5 b6 15.cxb6 axb6 16.Bb4 g4
17.f3 Rg7 18.fxg4  1/2-1/2

[Event "10th Sunny Beach Open"]
[Site "Sunny Beach BUL"]
[Date "2011.08.30"]
[Round "4.19"]
[White "Spassov,L"]
[Black "Charleshouse,G"]
[Result "1-0"]
[WhiteElo "2379"]
[BlackElo "2192"]

1.d4 Nf6 2.Nf3 g6 3.c4 Bg7 4.Nc3 O-O 5.e4 d6 6.Be2 e5 7.Be3 Ng4 8.Bg5 f6
9.Bh4 g5 10.Bg3 Nc6 11.d5 Ne7 12.Nd2 Nh6 13.f3 f5 14.Bf2 Ng6 15.g3 g4 16.fxg4 Nxg4
17.Bxg4 fxg4 18.c5 Nh8 19.cxd6 cxd6 20.Qe2 Nf7 21.O-O-O Bd7 22.Kb1 Ng5 23.Rc1 Nf3
24.Nxf3 gxf3 25.Qd3 a6 26.Rc2 Bh6 27.Be3 Qf6 28.Nd1 Bb5 29.Qd2 Bxe3 30.Qxe3 Rf7
31.Nf2 Be2 32.Ng4 Qg6 33.Nh6+ Kh8 34.Nxf7+ Qxf7 35.Rxe2 fxe2 36.Qxe2 Rf8
37.Rc1 Qg6 38.a3 Rf7 39.Ka2 Kg7 40.Rc8 Qg5 41.Qc4 Qh5 42.Rc7 Qg6 43.Rxf7+ Qxf7
44.Qc8 Qe7 45.a4 a5 46.Kb3 h5 47.h4 b5 48.axb5 Qa7 49.Qc3 Qg1 50.Qc7+ Kg8
51.Qd8+ Kg7 52.Qg5+ Kf8 53.Qf6+ Ke8 54.Qe6+ Kd8 55.Qxd6+ Kc8 56.Qc6+ Kb8
57.b6 Qd1+ 58.Ka2  1-0

[Event "Richard Reti Mem"]
[Site "Trnava SVK"]
[Date "2011.08.30"]
[Round "2.7"]
[White "Plachetka,J"]
[Black "Bezuch,M"]
[Result "0-1"]
[WhiteElo "2387"]
[BlackElo "2198"]

1.c4 g6 2.d4 Bg7 3.e4 d6 4.Nc3 Nd7 5.Nf3 e5 6.Be2 Ngf6 7.O-O O-O 8.Re1 Re8
9.Bf1 c6 10.Rb1 a5 11.d5 Nc5 12.b3 Bd7 13.a3 cxd5 14.cxd5 Nh5 15.Bb5 Nf4
16.b4 axb4 17.axb4 Na6 18.Bxd7 Qxd7 19.g3 Rec8 20.Na4 Qg4 21.Bxf4 exf4 22.Nb6 Bc3
23.Nxc8 Rxc8 24.Rf1 fxg3 25.hxg3 Qxe4 26.b5 Nb4 27.Rc1 Rc5 28.Re1 Bxe1 29.Rxc5 Bxf2+
30.Kxf2 Nd3+ 31.Kg2 Nxc5 32.Qd2 Nd3  0-1

[Event "18th Graz Open"]
[Site "Graz AUT"]
[Date "2011.08.31"]
[Round "5"]
[White "Tratar,M"]
[Black "Aschenbrenner,R"]
[Result "1-0"]
[WhiteElo "2491"]
[BlackElo "2270"]

1.d4 Nf6 2.c4 g6 3.Nc3 Bg7 4.e4 d6 5.Be2 O-O 6.Nf3 e5 7.O-O Nh5 8.g3 Bh3
9.Re1 exd4 10.Nxd4 Nf6 11.Bg5 h6 12.Be3 Nbd7 13.Qd2 h5 14.f3 Ne5 15.Rad1 a6
16.Bg5 Qd7 17.b3 Rfe8 18.Nc2 Qc8 19.Nb4 Nh7 20.Bh6 Bh8 21.Nbd5 b5 22.Be3 Rb8
23.c5 Nf8 24.cxd6 cxd6 25.Rc1 Qd8 26.Nf4 Bc8 27.Red1 Bb7 28.Qxd6 Qxd6 29.Rxd6 f5
30.Nfd5 b4 31.Nxb4 fxe4 32.fxe4 Bxe4 33.Nxa6 Nf7 34.Bc4 Rbc8 35.Bxf7+ Kxf7
36.Nxe4 Rxc1+ 37.Bxc1 Rxe4 38.Kf1 Be5 39.Nc5  1-0

[Event "18th Graz Open"]
[Site "Graz AUT"]
[Date "2011.08.31"]
[Round "5"]
[White "Spalir,J"]
[Black "Tomazini,Z"]
[Result "0-1"]
[WhiteElo "2155"]
[BlackElo "2288"]

1.d4 Nf6 2.Nf3 g6 3.c4 Bg7 4.Nc3 O-O 5.e4 d6 6.Be2 Nbd7 7.O-O e5 8.d5 Nc5
9.Qc2 a5 10.Bg5 h6 11.Be3 b6 12.Nd2 Ng4 13.Bxg4 Bxg4 14.a3 Na6 15.Rab1 f5
16.f3 Bh5 17.b4 f4 18.Bf2 axb4 19.axb4 g5 20.Nb5 g4 21.Qd3 Rf7 22.Rb3 Bf8
23.Qe2 Rg7 24.Rfb1 g3 25.hxg3 fxg3 26.Be3 Qh4 27.Ra1 Be7 28.Kf1 Bg5 29.Ke1 Kh7
30.Bxg5 hxg5 31.Rba3 g4 32.Rxa6 Rf8 33.R6a3 Rgf7 34.R1a2 gxf3 35.Nxf3 Bxf3
36.Rxf3 Rxf3 37.gxf3 g2+  0-1